La fiesta en el jardín
Spremljeno u:
| Glavni autor: | |
|---|---|
| Format: | Knjiga |
| Jezik: | španjolski |
| Izdano: |
Santiago
Andrés Bello
1982
|
| Teme: | |
| Oznake: |
Dodaj oznaku
Bez oznaka, Budi prvi tko označuje ovaj zapis!
|
MARC
| LEADER | 00000cam a2200000 a 4500 | ||
|---|---|---|---|
| 001 | UCX2045 | ||
| 003 | CL-VaPUC | ||
| 008 | 910117e19820000CL |||||||||||||||||spa|d | ||
| 082 | 0 | 4 | |a 823 |b MAN |2 21 |
| 100 | |a Mansfield, Katherine |e autora |9 317812 | ||
| 245 | 1 | 3 | |a La fiesta en el jardín |
| 246 | 1 | 0 | |a En la bahía |
| 246 | 1 | 3 | |a La casa de muñecas |
| 300 | |a 86 p | ||
| 942 | |c BK | ||
| 945 | |d 19910117 00:00:00 | ||
| 260 | |a Santiago |b Andrés Bello |c 1982 | ||
| 650 | 0 | |a Cuentos ingleses |9 265135 | |
| 583 | |a last modification |c 20130624 02:25:00 |k Rodrigo Vera | ||
| 999 | |c 223147 |d 223145 | ||
| 952 | |0 0 |1 0 |4 0 |6 823_000000000000000_MAN_1982 |7 0 |8 A |9 218658 |a BIBEDU |b BIBEDU |d 2019-11-15 |i 2874571 |o 823 MAN 1982 |p 2874571 |r 2019-11-15 |w 2019-11-15 |y BK |k LIT | ||